000 00372nam a2200145Ia 4500
008 220217s9999||||xx |||||||||||||| ||und||
020 _a0-13-212937-X
082 _a621.395 MAN
100 _aMano, Morris, M
_9709
245 0 _aDigital design
250 _a2nd
260 _aPrentice-Hall
_bLondon
_c1991
300 _b550
650 _aDIGITAL DESIGN/LOGIC DESIGN
999 _c171975
_d171975